00247 a2200097 450000100060000008200160000610000180002224500580004026000340009830000170013260120 a510.285 HAR aHardy Darel W aDoing Mathematics With Scientific work placebver 5.5 aUSAbMackichan softwarec2005 axxiv, 512 p.